Statistics for Ocarina of Time Trivia

Click here to take the quiz!

General Stats

  • This quiz has been taken 18 times
  • The average score is 12 of 15

Answer Stats

HintAnswer% Correct
When was the game released?1998
100%
How many mini dungeons are
there in the whole game?
3
100%
How many great fairies are
there in the whole game?
6
100%
Who is annoying and stops you
from seeing the great deku tree?
Mido
94%
Name of zora princessRuto
94%
Who is the sage of shadow?Impa
88%
Kokiri friend from the beginning
of the game
Saria
88%
GravediggerDampe
81%
Goron Chief nameDarunia
81%
Item the gravedigger gives youHookshot
75%
Type of mask you give
to the soldier at the gate
in Kakariko village
Keaton
75%
What does the guy who's always
eating sell you?
Magic Beans
75%
What is the name of the boss in
the spirit temple?
Twinrova
69%
How much does the deku shield
cost?
40 rupees
56%
And where do you plant them?Soft soil patches
13%

Score Distribution

Percentile by Number Answered

Percent of People with Each Score

Your Score History

You have not taken this quiz